| 000 | 00463cam a2200193ua 4500 | ||
|---|---|---|---|
| 001 | 4044 | ||
| 005 | 20260515113755.0 | ||
| 008 | 111213n ii |||gr||||Z||||||asm | ||
| 040 | _cMAIN | ||
| 082 | _a891.4511 | ||
| 100 | 1 | _aAgarwala, Chandra Kumar, | |
| 245 | 1 | 1 |
_aBin boragi _cby Chandra Kumar Agarwala |
| 250 | _a1st. | ||
| 260 |
_aGuwahati: _bSarada Prakash,999. |
||
| 300 |
_a44p: _c23cm. |
||
| 653 | _aAssamese poem | ||
| 653 | _aBin boragi | ||
| 942 | _cBK | ||
| 999 |
_c3864 _d3864 |
||